| 000 | 01443cam a22003737a 4500 | ||
|---|---|---|---|
| 003 | CHAP | ||
| 005 | 20220329142610.0 | ||
| 008 | 020325d2002 mx bd r 00110 spa d | ||
| 010 | _a85502 | ||
| 011 | _a86474 | ||
| 035 | _a97012 | ||
| 040 | _cCHAP | ||
| 090 | _aTesis | ||
| 100 | 0 | 0 |
_aMarín Cruz, Victor Hugo. _971488 |
| 245 | 1 | 0 |
_aImportancia económica de productos forestales no maderables en una selva mediana subperennifolia en el centro del Estado de Veracruz _c/por Victor Hugo Marín Cruz |
| 260 |
_aChapingo, Méx. : _bEl autor, _c2002 |
||
| 300 |
_a106 h. : _bgráf. ; mapa ; cuadros |
||
| 502 | _aTesis (Ing. en Agroecología) -- UACH. Departamento de Agroecología | ||
| 590 |
_aALEPH _b10 _c20130110 _lUCH01 _h1446 |
||
| 590 |
_aBATCH-UPD _b10 _c20130110 _lUCH01 _h0439 |
||
| 590 |
_aBATCH-UPD _b10 _c20130110 _lUCH01 _h2317 |
||
| 590 |
_aBATCH-UPD _b10 _c20130410 _lUCH01 _h0115 |
||
| 590 |
_aBATCH-UPD _b10 _c20130410 _lUCH01 _h1607 |
||
| 590 |
_aBATCH-UPD _b10 _c20130914 _lUCH01 _h1759 |
||
| 590 |
_aCONVERSION _b10 _c20130109 _lUCH01 _h1347 |
||
| 650 | 1 | 4 |
_aProductos forestales _xAspectos económicos. _992063 |
| 650 | 1 | 4 |
_aProductos forestales _xVeracruz. _992111 |
| 650 | 1 | 4 |
_aSelvas _xVeracruz. _9103830 |
| 901 | _aBK | ||
| 905 | _aMarco A. Mendoza T. | ||
| 942 | _cFOLL | ||
| 949 |
_aTesis _bBC _cTES _d33724000861076 _eTS2 _fc.2 _gDonaciØn _h39363 _i97012 _si |
||
| 949 |
_aTesis _bBC _cTES _d970121 _eTS1 _gDonaciØn _h39362 _i97012 _sb |
||
| 999 |
_c85502 _d85502 |
||